Online
Catalog

Manual nacional de ingeniería de suelos. (Record no. 35971)

MARC details
000 -CABECERA
campo de control de longitud fija 00728nam a2200193 a 4500
001 - NÚMERO DE CONTROL
campo de control 000036480
005 - FECHA Y HORA DE LA ÚLTIMA TRANSACCIÓN
campo de control 20211129112640.0
008 - DATOS DE LONGITUD FIJA--INFORMACIÓN GENERAL
campo de control de longitud fija 120118s1972 mx 000 0 spa d
040 ## - FUENTE DE LA CATALOGACIÓN
Centro catalogador/agencia de origen DO-SdBNP
Lengua de catalogación spa
Centro/agencia transcriptor BNPHU
082 ## - NÚMERO DE LA CLASIFICACIÓN DECIMAL DEWEY
Número de clasificación xxxx
Número de documento/Ítem M294
245 00 - MENCIÓN DE TÍTULO
Título Manual nacional de ingeniería de suelos.
260 ## - PUBLICACIÓN, DISTRIBUCIÓN, ETC.
Lugar de publicación, distribución, etc. México :
Nombre del editor, distribuidor, etc. Diana,
Fecha de publicación, distribución, etc. 1972.
300 ## - DESCRIPCIÓN FÍSICA
Extensión v ;
Dimensiones 24 cm.
500 ## - NOTA GENERAL
Nota general Manual nacional de ingeniería de suelos Secc.15: riego
500 ## - NOTA GENERAL
Nota general La biblioteca posee el volumen 3
710 2# - PUNTO DE ACCESO ADICIONAL--NOMBRE DE ENTIDAD CORPORATIVA
Nombre de entidad corporativa o nombre de jurisdicción como elemento de entrada Servicio de Conservación de Suelos. Departamento de Agricultura de los Estados Unidos de América
9 (RLIN) 62708
710 2# - PUNTO DE ACCESO ADICIONAL--NOMBRE DE ENTIDAD CORPORATIVA
Nombre de entidad corporativa o nombre de jurisdicción como elemento de entrada Centro Regional de Ayuda Técnica
9 (RLIN) 49164
710 1# - PUNTO DE ACCESO ADICIONAL--NOMBRE DE ENTIDAD CORPORATIVA
Nombre de entidad corporativa o nombre de jurisdicción como elemento de entrada United States.
Unidad subordinada Agency for International Development
9 (RLIN) 58056
Holdings
Estado de retiro Estado de pérdida Restricciones de uso No para préstamo Código de colección Localización permanente Ubicación/localización actual Ubicación en estantería Fecha de adquisición Número de inventario Total de préstamos Signatura topográfica completa Código de barras Fecha visto por última vez Precio válido a partir de Tipo de ítem Koha
      Excluido de préstamo Monografías: Libros y Folletos General General Depósito 18.01.2012 LF1   xxxx M294 36481-10 25.06.2020 25.06.2020 No se presta
        Monografías: Libros y Folletos General General Orden iniciada 18.01.2012 LF1   xxxx M294 36482-10 25.06.2020 25.06.2020 No se presta

Powered by Koha